La seguridad y la cooperación en europa; punto de vista soviético /

Guardado en:
Autor Principal: Kashlev, Y
Formato: Libro
Publicado: Unión Sovietica : Progreso, 1983
Materias:
Etiquetas: Agregar Etiqueta
Sin Etiquetas, Sea el primero en etiquetar este registro!
LEADER 00557nam a22001935a 4500
001 CEM.cems003552
005 19000101000000.0
008 130507s1983##################000#0#####d
003 CEMS
082 0 4 |a 327 
100 1 |a Kashlev, Y 
245 1 0 |a La seguridad y la cooperación en europa; punto de vista soviético / 
260 |a Unión Sovietica :  |b Progreso,  |c 1983 
300 |a 235 p. 
653 |a Desarme 
653 |a Otan 
653 |a Relaciones internacionales-paz 
653 |a Urss-diplomacia 
859 |a CEMS  |b BIB. CEMS - 11 de abril  |h 327  |i K151  |p 14333.86  |t Ej.1